UM Logo

Pantulong sa kontekstwalisadong komunikasyon sa kalakarang new normal : (Record no. 23945)

MARC details
000 -LEADER
fixed length control field 00651nam a22001697a 4500
005 - DATE AND TIME OF LATEST TRANSACTION
control field 20251003095552.0
008 - FIXED-LENGTH DATA ELEMENTS--GENERAL INFORMATION
fixed length control field 251003b |||||||| |||| 00| 0 eng d
020 ## - INTERNATIONAL STANDARD BOOK NUMBER
International Standard Book Number 9786214093175
082 ## - DEWEY DECIMAL CLASSIFICATION NUMBER
Classification number DFil 499.211 M842 2025
100 ## - MAIN ENTRY--PERSONAL NAME
Personal name Mortera, Melvin Orio
9 (RLIN) 33674
245 ## - TITLE STATEMENT
Title Pantulong sa kontekstwalisadong komunikasyon sa kalakarang new normal :
Remainder of title (kursong filipino sa kolehiyo sa pangkalahatang edukasyon) /
Statement of responsibility, etc. Melvin Orio Mortera.
260 ## - PUBLICATION, DISTRIBUTION, ETC. (IMPRINT)
Place of publication, distribution, etc. Quezon City :
Name of publisher, distributor, etc. Books ATBP. Publishing Corp.,
Date of publication, distribution, etc. ©2025.
300 ## - PHYSICAL DESCRIPTION
Extent xvi, 170 pages :
Other physical details illustrations ;
Dimensions 21 cm.
500 ## - GENERAL NOTE
General note Includes references.
650 #0 - SUBJECT ADDED ENTRY--TOPICAL TERM
Topical term or geographic name as entry element Komunikasyon.
9 (RLIN) 68409
942 ## - ADDED ENTRY ELEMENTS (KOHA)
Source of classification or shelving scheme Dewey Decimal Classification
Koha item type Filipiniana
Holdings
Withdrawn status Lost status Source of classification or shelving scheme Damaged status Not for loan Collection code Home library Current library Date acquired Source of acquisition Cost, normal purchase price Total Checkouts Full call number Barcode Date last seen Copy number Price effective from Koha item type
    Dewey Decimal Classification     Filipiniana UM Digos College - LIC UM Digos College - LIC 08/11/2025 Purchased 580.00   DFil 499.211 M842 2025 28929 10/03/2025 1 10/03/2025 Filipiniana
    Dewey Decimal Classification     Filipiniana UM Digos College - LIC UM Digos College - LIC 08/11/2025 Purchased 580.00   DFil 499.211 M842 2025 28930 10/03/2025 2 10/03/2025 Filipiniana